|
|
|
|
| LEADER |
00000cam a2200000 7i4500 |
| 001 |
0000007736 |
| 005 |
20080918.0 |
| 008 |
070906 |
| 020 |
|
|
|a 1405310421
|
| 090 |
0 |
0 |
|a 612
|b WAL
|
| 100 |
1 |
|
|a Walker, Richard
|
| 245 |
1 |
0 |
|a Body an amazing tour of human anatomy
|c Richard Walker ; editorial consultant Robert Winston
|
| 260 |
|
|
|a London :
|b Dorling Kindersley ,
|c 2005
|
| 300 |
|
|
|a 1 compact disc
|
| 650 |
|
0 |
|a Body
|
| 650 |
|
0 |
|a Body
|x Study and teaching
|
| 650 |
|
0 |
|a Human anatomy
|
| 650 |
|
0 |
|a Human body
|
| 999 |
|
|
|a 0000987901
|b Book
|c Adult Collection
|e Perbadanan Perpustakaan Awam Johor
|
| 999 |
|
|
|a 0000987902
|b Book
|c Adult Collection
|e Perbadanan Perpustakaan Awam Johor
|
| 999 |
|
|
|a CD00987901
|b CD-ROM
|c REFERENCE
|e Perbadanan Perpustakaan Awam Johor
|
| 999 |
|
|
|a CD00987902
|b CD-ROM
|c REFERENCE
|e Perbadanan Perpustakaan Awam Johor
|